INDIAN JOURNAL OF WEED SCIENCE (Record no. 29865)
[ view plain ]
| 000 -LEADER | |
|---|---|
| fixed length control field | 00253nam a22001217a 4500 |
| 003 - CONTROL NUMBER IDENTIFIER | |
| control field | SGT |
| 082 ## - DEWEY DECIMAL CLASSIFICATION NUMBER | |
| Item number | RAO |
| 100 ## - MAIN ENTRY--PERSONAL NAME | |
| Personal name | RAO, DR. A.N. |
| 245 ## - TITLE STATEMENT | |
| Title | INDIAN JOURNAL OF WEED SCIENCE |
| 260 ## - PUBLICATION, DISTRIBUTION, ETC. (IMPRINT) | |
| Place of publication, distribution, etc | INDIA |
| Name of publisher, distributor, etc | ICAR |
| Year of Publication | 2022-2023 |
| 300 ## - PAGE DESCRIPTION | |
| No. of Pages | 430 |
| 942 ## - ADDED ENTRY ELEMENTS (KOHA) | |
| Source of classification or shelving scheme | Dewey Decimal Classification |
| Koha item type | Back Volumes |
| Withdrawn status | Lost status | Source of classification or shelving scheme | Damaged status | Not for loan | Home library | Current library | Date acquired | Volume Information (Serial or Books or Non-Book Material) | SGTU | Total Checkouts | Full call number | Accession No. (Barcode) | Date last seen | Bill Date | Koha item type |
|---|---|---|---|---|---|---|---|---|---|---|---|---|---|---|---|
| Dewey Decimal Classification | Not For Loan | SGT Science & Social Sciences Library | SGT Science & Social Sciences Library | 18/02/2025 | 55-56 | SGTU | RAO | AP126 | 18/02/2025 | 18/02/2025 | Back Volumes | ||||
| Dewey Decimal Classification | Not For Loan | SGT Science & Social Sciences Library | SGT Science & Social Sciences Library | 18/02/2025 | 55-56 | SGTU | RAO | AP127 | 18/02/2025 | 18/02/2025 | Back Volumes |